000 00858nam a2200277Ia 4500
003 OSt
005 20220928124621.0
006 a|||||r|||| 00| 0
007 ta
008 220927b |||||||| |||| 00| 0 eng d
020 _cUSD 51.95
024 _a133639
037 _b61, 15/03/2017, Excel Book International
_cTextual
040 _aSDCL
_cSDCL
_beng
041 _2eng
_aeng
082 _aD6,8(B289MATLAB), Q7
100 _aHahn Brain H.
_9466519
245 0 _aEssential MATLAB for engineers and scientists
250 _a6th
260 _aAmsterdam
_bElsevier
_c2017
300 _axvi,411p.
_ccm.
650 _aI I C
700 _a Valentine Daniel T.
_9466520
942 _hD6,8(B289MATLAB), Q7
_cTEXL
_2CC
999 _c779359
_d779359